Billboard Hot 100 - January 3, 2026 - Statistics

General Stats
  • This quiz has been taken 4 times
  • The average score is 34 of 100
Answer Stats
# Artist Song % Correct
1 Mariah Carey All I Want For Christmas Is You
100%
14 Darlene Love Christmas (Baby Please Come Home)
100%
4 Wham! Last Christmas
100%
49 Bing Crosby, The Andrews Sisters Mele Kalikimaka (Merry Christmas)
100%
37 Ed Sheeran, Elton John Merry Christmas
100%
2 Brenda Lee Rockin' Around The Christmas Tree
100%
5 Ariana Grande Santa Tell Me
100%
41 Sia Snowman
100%
28 Taylor Swift The Fate of Ophelia
100%
8 Kelly Clarkson Underneath The Tree
100%
83 sombr 12 To 12
67%
11 Jose Feliciano Feliz Navidad
67%
45 John Lennon, Yoko Ono Happy Xmas (War Is Over)
67%
44 Jackson 5 I Saw Mommy Kissing Santa Claus
67%
9 Andy Wiliams It's The Most Wonderful Time Of The Year
67%
3 Bobby Helms Jingle Bell Rock
67%
36 Olivia Dean Man I Need
67%
54 Taylor Swift Opalite
67%
19 Eartha Kitt Santa Baby
67%
10 The Ronettes Sleigh Ride
67%
57 Olivia Dean So Easy (To Fall In Love)
67%
6 Nat King Cole The Christmas Song
67%
88 Olivia Dean The Christmas Song
67%
59 Gunna, Burna Boy wgft
67%
56 RAYE Where Is My Husband!
67%
65 Justin Bieber Yukon
67%
64 EsDeeKid 4 Raws
33%
12 Burl Ives A Holly Jolly Christmas
33%
79 Shaboozey, Jelly Roll Amen
33%
35 Dean Martin Baby It's Cold Outside
33%
52 sombr Back To Friends
33%
74 Max McNown Better Me For You (Brown Eyes)
33%
21 Elvis Presley Blue Christmas
33%
85 Ed Sheeran Camera
33%
82 Tyla Chanel
33%
48 Ella Langley Choosin' Texas
33%
23 Vince Guaraldi Trio Christmastime Is Here
33%
20 Nat King Cole Deck The Halls
33%
100 Sienna Spiro Die On This Hill
33%
84 Tame Impala Dracula
33%
78 Cardi B ErrTime
33%
53 Pooh Shiesty FDO
33%
51 Kehlani Folded
33%
63 KATSEYE Gabriela
33%
25 HUNTR/X Golden
33%
33 Michael Buble Holly Jolly Christmas
33%
50 Bing Crosby I'll Be Home For Christmas
33%
61 Mariah The Scientist, Kali Uchis Is It A Crime
33%
13 Michael Buble It's Beginning To Look A Lot Like Christmas
33%
18 Perry Como Its Beginning To Look A Lot Like Christmas
33%
17 Frank Sinatra Jingle Bells
33%
7 Dean Martin Let It Snow! Let It Snow! Let It Snow!
33%
47 Vince Guaraldi Trio Linus And Lucy (Peanuts Theme)
33%
32 The Beach Boys Little Saint Nick
33%
29 Justin Bieber Mistletoe
33%
31 Kelly Clarkson, Ariana Grande Santa, Can't You Hear Me
33%
43 Jackson 5 Santa Claus Is Comin' To Town
33%
98 Tyler The Creator Sugar On My Tongue
33%
77 Metro Boomin, Quavo, Breskii, YKNIECE Take Me Thru Dere
33%
71 Sabrina Carpenter Tears
33%
38 Perry Como (There's No Place Like) Home For The Holidays
33%
16 Bing Crosby White Christmas
33%
40 Darlene Love Winter Wonderland
33%
26 Paul McCartney Wonderful Christmastime
33%
34 Thurl Ravenscroft You're A Mean One, Mr. Grinch
33%
60 Morgan Wallen 20 Cigarettes
0%
96 Loe Shimmy, Don Toliver 3am
0%
73 Megan Moroney 6 Months Later
0%
68 Olivia Dean A Couple Minutes
0%
90 Parmalee Cowgirl
0%
87 Luke Combs Days Like These
0%
62 Riley Green, Ella Langley Don't Mind If I Do
0%
93 Taylor Swift Elizabeth Taylor
0%
91 Alex Warren Eternity
0%
80 HARDY Favorite Country Song
0%
92 David Guetta, Teddy Swims, Tones And I Gone Gone Gone
0%
69 Russel Dickerson Happen To Me
0%
42 Andy Williams Happy Holiday / The Holiday Season
0%
66 BigXthaPlug, Ella Langley Hell At Night
0%
22 Gene Autry Here Comes Santa Claus (Right Down Santa Claus Lane)
0%
70 Hudson Westbrook House Again
0%
86 Jason Aldean How Far Does A Goodbye Go
0%
95 Morgan Wallen, Post Malone I Ain't Coming Back
0%
94 Fall Out Boy It Feels Like Christmas
0%
72 She & Him I Thought I Saw Your Face Today
0%
89 Gavin Adcock Last One To Know
0%
27 Jonas Brothers Like It's Christmas
0%
67 21 Savage, Drake Mr Recoup
0%
81 EsDeeKid, Rico Ace Phantom
0%
24 Eagles Please Come Home For Christmas
0%
30 Gene Autry Rudolph The Red-Nosed Reindeer
0%
15 Chuck Berry Run Rudolph Run
0%
55 Gwen Stefani Shake The Snow Globe
0%
75 YoungBoy Never Broke Again Shot Callin
0%
76 Cody Johnson The Fall
0%
39 Donny Hathaway This Christmas
0%
58 Tate McRae Tit For Tat
0%
97 Cody Johnson Travelin' Soldier
0%
99 KATO, Jon Turn The Lights Off
0%
46 Gwen Stefani, Blake Shelton You Make It Feel Like Christmas
0%
No matching quizzes found
Score Distribution
Percent of People with Each Score
Percentile by Number Answered
Your Score History
You have not taken this quiz